|
|
|
|
| LEADER |
01266cam a2200349Ia 4500 |
| 001 |
9780203023624 |
| 003 |
FlBoTFG |
| 005 |
20091230162919.0 |
| 006 |
a|||||s||||||||||| |
| 007 |
cr|||| |
| 008 |
041227s2005 enkab sbd 000 0 eng d |
| 020 |
|
|
|a 9780203023624 (e-book : PDF)
|
| 040 |
|
|
|a FlBoTFG
|c FlBoTFG
|d GrThAP
|
| 043 |
|
|
|a f-ua---
|
| 090 |
|
|
|a BL2450.G6
|b H37 2005
|
| 092 |
|
|
|a 299.31211
|b H325
|
| 100 |
1 |
|
|a Hart, George,
|d 1945-
|
| 245 |
1 |
4 |
|a The Routledge dictionary of Egyptian gods and goddesses
|h [electronic resource] /
|c George Hart.
|
| 250 |
|
|
|a 2nd ed.
|
| 260 |
|
|
|a London ;
|a New York :
|b Routledge,
|c 2005.
|
| 300 |
|
|
|a xiii, 170 p. :
|b ill., map.
|
| 490 |
1 |
|
|a Routledge dictionaries
|
| 500 |
|
|
|a Rev. ed. of: Dictionary of Egyptian gods and goddesses. 1986.
|
| 504 |
|
|
|a Includes bibliographical references (p. [166]-168).
|
| 530 |
|
|
|a Also available in print edition.
|b CRC Press (http://www.crcpress.com)
|
| 538 |
|
|
|a Mode of access: World Wide Web.
|
| 650 |
|
0 |
|a Gods, Egyptian
|v Dictionaries.
|
| 650 |
|
0 |
|a Mythology, Egyptian
|v Dictionaries.
|
| 655 |
|
7 |
|a Electronic books.
|2 lcsh
|
| 776 |
1 |
|
|z 9780415344951
|
| 830 |
|
0 |
|a Routledge dictionaries.
|
| 856 |
4 |
0 |
|u http://www.tandfebooks.com/isbn/9780203023624
|z Full Text via HEAL-Link
|